Eva Holáková : textil : Galerie mladých při Městském kulturním středisku S.K. Neumanna, Brno, leden-únor 1984 /

Korporativní autor: Galerie mladých (Brno, Česko)
Další autoři: Uhliariková, Ľubica
Jazyk: Čeština
Vydáno: Brno : Městské kulturní středisko S.K. Neumanna, 1984
Témata:
Fyzický popis: 1 nestránkovaný sv., 9 obr. příl.
Knihy
Uloženo v:
LEADER 01354nam a2200349 a 4500
001 000601480
003 CZ BrMZK
005 20170309124711.0
007 ta
008 020521s1984 xr e c cze d
040 |a BOA001  |b cze  |c BOA001 
043 |a e-xr--- 
045 |a x-x- 
072 7 |a 74  |x Kresba. Umělecká řemesla  |2 Konspekt  |9 21 
080 |a 745.52  |2 MRF 
080 |a 7.036/.038  |2 MRF 
080 |a (437.3)  |2 MRF 
080 |a (083.824)  |2 MRF 
245 0 0 |a Eva Holáková :  |b textil : Galerie mladých při Městském kulturním středisku S.K. Neumanna, Brno, leden-únor 1984 /  |c úvodní text Ľubica Uhliariková 
260 |a Brno :  |b Městské kulturní středisko S.K. Neumanna,  |c 1984 
300 |a 1 nestránkovaný sv., 9 obr. příl. 
648 7 |a 20. století  |7 ch460558 
650 0 7 |a textilní umění  |7 ph629608  |z Česko  |y 20. století  |2 czenas 
650 0 7 |a moderní umění  |7 ph115340  |z Česko  |2 czenas 
655 7 |a katalogy výstav  |7 fd132536  |2 czenas 
700 1 |a Uhliariková, Ľubica  |4 wfw 
710 2 |a Galerie mladých (Brno, Česko)  |7 ko2004233391 
910 |a BOA001  |b X-0870.625 
990 |a BK 
991 |b 201701 
996 6 |b 2619171232  |c X-0870.625  |l MZK  |r Sklad / do 24 hodin  |n 0  |w 000601480  |u 000020  |a 1  |e BOA001  |j MZK50  |s P 
996 7 |b 2619171233  |c X-0870.625  |l MZK  |r Sklad / do 24 hodin  |n 0  |w 000601480  |u 000010  |a 1  |e BOA001  |j MZK50  |s A